000 00351nam a2200145Ia 4500
008 230917s9999||||xx |||||||||||||| ||und||
040 _e64140
_aMAIN
041 _aEnglish
082 _a514 K287G
100 _aKelley, John L
245 0 _aGeneral topology
260 _aNew York
_bVan Nostrand Reinhold
_c1965
300 _axiv, 298 p.
942 _cBK
999 _c88492
_d88492